Metodologičeskije položenija razrabotki krupnych territorial'nych programm
Salvato in:
| Natura: | Libro |
|---|---|
| Lingua: | russo |
| Pubblicazione: |
Novosibirsk
Nauka
1986
|
| Edizione: | 1. izd. |
| Tags: |
Nessun Tag, puoi essere il primo ad aggiungerne!!
|
MARC
| LEADER | 00000nam a2200000 4500 | ||
|---|---|---|---|
| 001 | c023649 | ||
| 005 | 20250224071059.9 | ||
| 041 | 0 | |a rus | |
| 044 | |a RU | ||
| 245 | 1 | 0 | |a Metodologičeskije položenija razrabotki krupnych territorial'nych programm |c Red. A.G. Aganbegjan |
| 250 | |a 1. izd. | ||
| 264 | 1 | |a Novosibirsk |b Nauka |c 1986 | |
| 300 | |a 303 s. | ||